Technické a programové prostriedky SMEP príručka ku kurzu
Salvato in:
| Natura: | Libro |
|---|---|
| Lingua: | slovacco |
| Pubblicazione: |
Žilina
Dom techniky ČSVTS
1981
|
| Tags: |
Nessun Tag, puoi essere il primo ad aggiungerne!!
|
MARC
| LEADER | 00000nam a2200000 4500 | ||
|---|---|---|---|
| 001 | c125930 | ||
| 005 | 20221220103658.0 | ||
| 041 | 0 | |a slo | |
| 044 | |a SK | ||
| 245 | 1 | 0 | |a Technické a programové prostriedky SMEP |b príručka ku kurzu |
| 264 | 1 | |a Žilina |b Dom techniky ČSVTS |c 1981 | |
| 300 | |a 80 s. | ||